| 000 | 01004nam a22003017i 4500 | ||
|---|---|---|---|
| 003 | EG-GICUC | ||
| 005 | 20260121101508.0 | ||
| 008 | 251216s1934 fr bod|frk||| 00| 0 fre d | ||
| 040 |
_aEG-GiCUC _bfre _cEG-GiCUC _dEG-GiCUC _eRda |
||
| 041 | _afre | ||
| 082 | 0 | 4 |
_221 _a341.103 _bDI |
| 092 | 0 | 4 | _221 |
| 099 | _aLaw1 11 REF 341.103 DI 1934 | ||
| 245 | 0 | 0 |
_aDictionnaire Encyclopédique Quillet : _bChat-E / _cPubliée sous la direction de Raoul Mortier. |
| 264 | 1 |
_aParis : _bLibrairie aristide quillet, _c1934. |
|
| 300 |
_a1624 page : _bMaps , Photograph , Charts ; _c 24 cm. |
||
| 336 |
_2rda contenu _a texte |
||
| 337 |
_2rda medias _aOrdinateur |
||
| 338 |
_2 transporteur rda _a Ressource en ligne |
||
| 504 | _aInclude references | ||
| 546 | _aTexte en français | ||
| 650 | 1 |
_aPublic international law _2qrmak |
|
| 651 | 1 | _2qrmak | |
| 700 | 1 |
_aMortier, Raoul _eContributeur |
|
| 856 | 4 | 0 | _uhttps://fll.law.cu.edu.eg/fulltext/bks/B11-05266.pdf |
| 905 | _a75 | ||
| 942 |
_2ddc _cREF _e21 _n0 |
||
| 999 |
_c50745 _d50745 |
||